Quelle ville suis-je - Statistiques

Statistiques générales
  • Ce quiz a été pris 122 fois
  • Le résultat moyen est 10 sur 15
Statistiques - réponses
Indice Je suis % Correct
Je suis la nouvelle capitale du Brésil depuis 1960 Brasília
88%
J'ai été séparé en deux en 1961 Berlin
82%
Je m'appelais auparavant Constantinople Istanbul
82%
On me surnomme la Grande Pomme New York
82%
J'accueillais un phare historique de la méditerranée Alexandrie
81%
La pizza a été inventée chez moi Naples
81%
Je suis la plus grande ville du monde Tokyo
75%
J'ai vu Napoléon Bonaparte naître Ajaccio
72%
J'ai vu François Ferdinand mourir en 1914 Sarajevo
62%
Je suis la capitale du citron Menton
58%
J'ai accueilli la Coupe du Monde de Football en 2022 Doha
57%
Capitale de mon pays, je porte le nom d'un rallye Dakar
48%
Je possède les Tours Pétronas Kuala Lumpur
46%
Je possède le musée de l'Ermitage Saint-Pétersbourg
41%
J'ai pour abréviation CDMX Mexico
22%
Aucun quiz correspondant
Distribution des résultats
% des personnes avec chaque résultat
Percentile par nombre de réponses
Votre historique - résultats
Vous n’avez pas pris ce quiz